|
|
|
|
| LEADER |
00000nab a2200000 a 4500 |
| 001 |
vtls000489119 |
| 003 |
SK-MaSNL |
| 005 |
20260303212627.0 |
| 008 |
120927c1991 xo 0 slo |
| 015 |
|
|
|a SNBRA19rr/mm-uuuuu
|
| 035 |
|
|
|a CL0489257
|
| 040 |
|
|
|a SNKBUCL
|b slo
|c SNKBUCL
|e AACR2
|
| 041 |
0 |
|
|a slo
|
| 044 |
|
|
|a xo
|c SK
|
| 080 |
|
|
|a 711.4:504.06
|2 1981
|
| 080 |
|
|
|a 504.06
|2 1981
|
| 100 |
1 |
|
|a Durajková, N.
|4 aut
|9 1245604
|
| 245 |
1 |
0 |
|a Riešenie ekologických problémov sídiel
|c N. Durajková, Zita Izakovičová
|
| 300 |
|
|
|b Res. angl.
|
| 650 |
0 |
7 |
|a sídla
|2 snkbucl
|9 4235
|
| 650 |
0 |
7 |
|a územné plánovanie
|2 snkbucl
|9 2641
|
| 650 |
0 |
7 |
|a ekológia
|2 snkbucl
|9 785
|
| 655 |
|
7 |
|a články zo zborníkov
|2 snkbucl
|9 166140
|
| 700 |
1 |
|
|a Izakovičová, Zita,
|d 1959-
|4 aut
|9 94230
|
| 773 |
0 |
|
|t Architektúra v prostredí
|d Bratislava : Dom techniky ZVTS, 1991
|g S. 34-35
|z 8023301551
|
| 850 |
|
|
|a Slovenská národná knižnica v Martine
|a MTA001
|
| 852 |
|
|
|a SNK
|b KIS3GCP
|
| 958 |
|
|
|a RK
|
| 992 |
|
|
|a RZB
|
| 999 |
|
|
|c 2208248
|d 2210178
|